| 000 | 009250000a22002170004500 | ||
|---|---|---|---|
| 020 | _a84-301-0930-7 | ||
| 041 | 0 | _aSPA | |
| 082 | 0 | 4 | _aG 150.13 B2148p |
| 100 | 1 | _aBandura, A. (Albert) (1925-) | |
| 245 | 1 | 0 | _aPrincipios de modificación de conducta / A. Bandura ; Julián Almaraz, Traductor |
| 260 | _aSalamanca, España : Sígueme | ||
| 300 | _a641 Pag. | ||
| 500 | _aTítulo original : Principles of behavior modification | ||
| 505 | 0 | 0 | _aprocesos causales -- valores y objetivos --procesos vicarios y de modelado -- control positivo -- control aversivo -- extinción -- desensibilización mediante contra condicionamiento -- contra condicionamiento aversivo -- control simbólico de los cambios de conducta |
| 650 | 1 | 4 | _aTERAPIA CONDUCTUAL \ CAMBIO DE PERSONALIDAD |
| 001 | 830 | ||
| 942 | _cBK | ||
| 999 |
_c32264 _d32264 |
||
| 336 |
_atexto _btxt _2rdacontent |
||
| 337 |
_2rdamedia _asin mediación _bn |
||
| 338 |
_2rdacarrier _avolumen _bnc |
||